| 000 -LEADER |
| fixed length control field |
00382pab a2200157 454500 |
| 008 - FIXED-LENGTH DATA ELEMENTS--GENERAL INFORMATION |
| fixed length control field |
180718b xxu||||| |||| 00| 0 eng d |
| 100 ## - MAIN ENTRY--PERSONAL NAME |
| Personal name |
Mishra, R.K |
| 245 ## - TITLE STATEMENT |
| Title |
Passenger road transport in India: a case study |
| 650 ## - SUBJECT ADDED ENTRY--TOPICAL TERM |
| Topical term or geographic name entry element |
Transport |
| 650 ## - SUBJECT ADDED ENTRY--TOPICAL TERM |
| Topical term or geographic name entry element |
Passenger |
| 650 ## - SUBJECT ADDED ENTRY--TOPICAL TERM |
| Topical term or geographic name entry element |
Case Study |
| 650 ## - SUBJECT ADDED ENTRY--TOPICAL TERM |
| Topical term or geographic name entry element |
Roads - India |
| 700 ## - ADDED ENTRY--PERSONAL NAME |
| Personal name |
Nandagopal, R |
| 773 ## - HOST ITEM ENTRY |
| Main entry heading |
Yojana |
| 909 ## - |
| -- |
22380 |